| 000 | 00645nam a22002057a 4500 | ||
|---|---|---|---|
| 999 |
_c7310 _d7310 |
||
| 003 | OSt | ||
| 005 | 20211001114903.0 | ||
| 008 | 211001b ||||| |||| 00| 0 eng d | ||
| 020 | _a0723407444 | ||
| 040 | _cDDC | ||
| 082 | _a579.5FRE 1979 | ||
| 100 |
_aFrey,Dorothea; Oldfield R.J.; Bridger,Ronald C.; _914993 |
||
| 245 |
_aA Colour Atlas of Pathogenic Fungi. _cEdited by Frey,Dorothea; Oldfield R.J. and Bridger,Ronald C.; |
||
| 250 | _a2nd Ed. | ||
| 260 |
_aLondon. _bWolfe Medical Publications Ltd. _c1979. |
||
| 300 |
_a168p; _bill; _c25cm. |
||
| 504 | _aIncludes; references and index. | ||
| 650 |
_aBiology _95602 |
||
| 942 |
_2ddc _cO_SHELF |
||